00653nam a2200169 a 450000100100000000500170001000800410002704000250006808200150009310000360010824500850014426000380022930000190026704900090028695201710029599900170046600003290520200930065914.0110801s1957 cu 000 0 spa d aDO-SdBNPbspacBNPHU axxxbH519f1 aHenríquez García, E.95866910aFederico Henríquez i Carvajal y sus amigos cubanos /cE. Henríquez García. aLa Habana, Cuba :b[s.n.],c1957. a8 p. ;c23 cm. aBNPD 001050718RVaPDbPDcCTd2011-08-01iLF1l0oxxx H519fp32905-10r2020-06-25w2020-06-25y1zPerteneció a la biblioteca personal de Martínez BoogZNo se presta c32396d32396